00322nam a2200121Ia 4500008004100000041000800041082001200049100001600061245004000077260004100117300003100158365001100189240624s9999 xx 000 0 und d aeng a920 MAR aMARINO ANDY aNARENDRA MODI A POLITICAL BIOGRAPHY c2014aNew DelhibHarperCollins India axix, : 310 : p. : cm. ; 24 cRSb30